000 01371nam a2200337 a 4500
001 ebr10141096
003 CaPaEBR
006 m u
007 cr cn|||||||||
008 050830s2005 ohu sb s001 1 eng
010 _z 2005025267
020 _z0821416448 (cloth : acid-free paper)
040 _aCaPaEBR
_cCaPaEBR
035 _a(OCoLC)228170275
043 _an-us---
050 1 4 _aPS1556
_b.A4 2005eb
082 0 4 _a813/.4
_222
100 1 _aDunbar, Paul Laurence,
_d1872-1906.
240 1 0 _aShort stories
245 1 4 _aThe complete stories of Paul Laurence Dunbar
_h[electronic resource] /
_cedited by Gene Andrew Jarrett and Thomas Lewis Morgan ; foreword by Shelley Fisher Fishkin.
260 _aAthens :
_bOhio University Press,
_cc2005.
300 _axlv, 542 p.
504 _aIncludes bibliographical references (p. 539-540) and index.
533 _aElectronic reproduction.
_bPalo Alto, Calif. :
_cebrary,
_d2013.
_nAvailable via World Wide Web.
_nAccess may be limited to ebrary affiliated libraries.
650 0 _aAfrican Americans
_vFiction.
655 7 _aElectronic books.
_2local
700 1 _aJarrett, Gene Andrew,
_d1975-
700 1 _aMorgan, Thomas Lewis,
_d1969-
710 2 _aebrary, Inc.
856 4 0 _uhttp://site.ebrary.com/lib/rucke/Doc?id=10141096
_zAn electronic book accessible through the World Wide Web; click to view
999 _c84025
_d84025